000
00233nam a2200097Ia 4500
008
190216s9999||||xx |||||||||||||| ||und||
100
_a
Ramakrishna Pilla
245
0
_a
Introduction To Statitical Methods
260
_b
Null
942
_c
BK
999
_c
30656
_d
30656